Same Old Love - Selena Gomez - All Lyrics - Statistics

General Stats
  • This quiz has been taken 277 times
  • The average score is 327 of 373
Answer Stats
Answer % Correct
old
100%
same
100%
that
100%
that,
100%
I
99%
love,
99%
love
99%
of
99%
so
99%
I’m
98%
I'm
98%
sick
98%
yeah,
97%
Oh-oh-oh,
96%
a
95%
You
95%
you
95%
you,
95%
me
92%
it
90%
my
90%
be
87%
on
86%
your
84%
and
83%
go
83%
in
83%
up
83%
can't
82%
know
82%
shit,
82%
to
82%
what
81%
had
80%
now-ow
80%
enough
78%
don't
76%
I’ve
76%
I've
76%
time,
76%
Too
76%
too,
76%
all
75%
all,
75%
back
75%
right
75%
said,
75%
Take
75%
take
75%
tears
75%
things
75%
left
74%
heard
73%
knees
73%
hard
72%
pieces
72%
not
71%
away
69%
breathe
69%
breathe,
69%
believe,
67%
believe
67%
body's
67%
million
67%
the
67%
times
67%
before,
66%
peace,
66%
heart
64%
at
61%
one
59%
forget,
56%
least
56%
mind
56%
breaks
54%
change
53%
kind
52%
try
52%
won't
52%
like
48%
'Cause
45%
apart
42%
feels
42%
still
41%
any
38%
changing
38%
wasting
37%
spending
34%
blown
33%
tonight
24%
No matching quizzes found
Score Distribution
Percent of People with Each Score
Percentile by Number Answered
Your Score History
You have not taken this quiz